First Names of Scotland Players Since 2000 - Statistics

General Stats
  • This quiz has been taken 67 times
    39 since last reset
  • The average score is 137 of 225
Answer Stats
% Correct
1995 Scot Gemmill 26 1
100%
2011 James Forrest 39 5
96%
2010 James McArthur 32 4
96%
2008 James Morrison 46 3
96%
2002 James McFadden 48 15
96%
2019 John Fleck 5
96%
2018 John Souttar 13 1
96%
2016 John McGinn 73 20
96%
2004 John Kennedy 1
96%
2001 John O'Neil 1
96%
2021 Billy Gilmour 36 2
93%
1996 Billy Dodds 26 7
93%
2018 Scott McTominay 58 11
93%
2018 Scott McKenna 39 1
93%
2018 Scott Bain 3
93%
2008 Scott Robertson 2
93%
2005 Scott Brown 55 4
93%
2002 Scott Dobie 6 1
93%
2001 Scott Severin 15
93%
1993 Scott Booth 22 6
93%
2020 Andrew Considine 3
89%
2014 Andrew Robertson 80 4
89%
2012 Andrew Shinnie 1
89%
2024 Ryan Gauld 6
86%
2022 Ryan Porteous 12 1
86%
2017 Ryan Christie 58 7
86%
2017 Ryan Fraser 26 4
86%
2017 Ryan Jack 20
86%
2010 Steven Saunders 1
82%
2009 Steven Whittaker 31
82%
2008 Steven Fletcher 33 10
82%
2007 Steven Naismith 51 10
82%
2004 Steven Hammell 1
82%
2002 Steven Thompson 16 3
82%
2001 Steven Caldwell 12
82%
2000 Steven Pressley 32
82%
2021 David Turnbull 5
79%
2018 David Bates 4
79%
2010 David Goodwillie 3 1
79%
2008 David Clarkson 2 1
79%
2004 David Marshall 47
79%
2004 David McNamee 4
79%
1997 David Weir 69 1
79%
2022 Aaron Hickey 14
75%
2003 Andy Webster 28 1
75%
2003 Andy Gray 2
75%
2001 Andy McLaren 1
75%
2023 Angus Gunn 15
71%
2024 Ben Doak 6
71%
2017 Callum McGregor 63 3
71%
2016 Callum Paterson 17
71%
1998 Callum Davidson 19
71%
2018 Jack Hendry 34 3
71%
2016 Kieran Tierney 47 1
71%
2021 Paul McGinn 1
71%
2020 Paul Hanlon 1
71%
2016 Paul Caddis 1
71%
2012 Paul Dixon 3
71%
2005 Paul Hartley 25 1
71%
2004 Paul Gallagher 1
71%
2002 Paul Devlin 10
71%
2002 Paul Gallacher 8
71%
2000 Paul Dickov 10 1
71%
2000 Paul Telfer 1
71%
1999 Paul Ritchie 7 1
71%
1995 Paul Lambert 40 1
71%
2011 Robert Snodgrass 28 7
71%
2007 Alan Hutton 50
68%
2021 Anthony Ralston 18 1
68%
2012 Charlie Mulgrew 44 3
68%
2007 Charlie Adam 26
68%
2001 Charlie Miller 1
68%
2021 Ché Adams 35 6
68%
2018 Chris Cadden 2
68%
2014 Chris Martin 17 3
68%
2011 Chris Maguire 2
68%
2008 Chris Iwelumo 4
68%
2006 Chris Burke 7 2
68%
2021 Lewis Ferguson 12
68%
2018 Lewis Morgan 7
68%
2018 Lewis Stevenson 1
68%
2015 Matt Ritchie 16 3
68%
2012 Matt Phillips 16 1
68%
2012 Matt Gilks 3
68%
1997 Matt Elliott 18 1
68%
2018 Oli McBurnie 16
68%
2005 Shaun Maloney 47 7
68%
2017 Tom Cairney 2
68%
1990 Tom Boyd 72 1
68%
2018 Barry Douglas 1
64%
2010 Barry Bannan 27
64%
2007 Barry Robson 17
64%
2001 Barry Nicholson 3
64%
1998 Barry Ferguson 45 3
64%
2014 Craig Forsyth 4
64%
2011 Craig Mackail-Smith 7 1
64%
2010 Craig Bryson 3
64%
2009 Craig Conway 7
64%
2005 Craig Beattie 7 1
64%
2004 Craig Gordon 79
64%
1995 Craig Burley 46 3
64%
2009 Lee Wallace 10
64%
2006 Lee Miller 3
64%
2004 Lee McCulloch 18 1
64%
2002 Lee Wilkie 11 1
64%
2023 Liam Kelly 1
64%
2019 Liam Cooper 19
64%
2019 Liam Palmer 8
64%
2013 Liam Bridcutt 2
64%
2012 Liam Kelly 1
64%
2021 Nathan Patterson 21 1
64%
2013 Gary Mackay-Steven 2
61%
2006 Gary Teale 13
61%
2002 Gary Caldwell 55 2
61%
2000 Gary Naysmith 46 1
61%
2000 Gary Holt 10 1
61%
2009 Graham Dorrans 12
61%
2002 Graham Alexander 40
61%
2011 Grant Hanley 59 2
61%
2018 Jordan Archer 1
61%
2011 Jordan Rhodes 14 3
61%
2021 Kevin Nisbet 11 1
61%
2018 Kevin McDonald 5
61%
2008 Kevin Thomson 3
61%
2002 Kevin Kyle 10 1
61%
2002 Kevin McNaughton 4
61%
1988 Kevin Gallacher 53 9
61%
2008 Kris Commons 12 2
61%
2006 Kris Boyd 18 7
61%
2006 Neil Alexander 3
61%
1998 Neil McCann 26 3
61%
1997 Neil Sullivan 28
61%
2010 Phil Bardsley 13
61%
2024 Ross McCrorie 1
61%
2022 Ross Stewart 2
61%
2009 Ross Wallace 1
61%
2008 Ross McCormack 13 2
61%
2011 Russell Martin 29
61%
2002 Russell Anderson 11
61%
2008 Christophe Berra 41 4
57%
2008 Darren Barr 1
57%
2003 Darren Fletcher 80 5
57%
2018 Graeme Shinnie 6
57%
2004 Graeme Murty 4
57%
2018 Jamie Murphy 2
57%
2010 Jamie Mackie 9 2
57%
2004 Jamie McAllister 1
57%
2003 Jamie Smith 2
57%
2018 Jon McLaughlin 2
57%
2016 Kenny McLean 42 2
57%
2001 Kenny Miller 69 18
57%
2020 Lyndon Dykes 42 9
57%
2019 Stuart Findlay 1 1
57%
2017 Stuart Armstrong 51 5
57%
2022 Allan Campbell 1
54%
2007 Allan McGregor 42
54%
1998 Allan Johnston 18 2
54%
2013 George Boyd 2
54%
2018 Stephen O'Donnell 26
54%
2016 Stephen Kingsley 2
54%
2009 Stephen Hughes 1
54%
2006 Stephen McManus 26 2
54%
2003 Stephen Pearson 10
54%
2002 Stephen Crainey 12
54%
2022 Calvin Ramsay 1
50%
2009 Don Cowie 10
50%
1999 Don Hutchison 26 6
50%
2019 Lawrence Shankland 16 3
50%
2012 Leigh Griffiths 22 4
50%
2002 Michael Stewart 4
50%
2016 Oliver Burke 13 1
50%
1997 Christian Dailly 67 6
46%
2019 Greg Taylor 14
46%
2012 Ian Black 1
46%
2002 Ian Murray 6
46%
1987 Ian Durrant 20
46%
2019 Marc McNulty 2
46%
2011 Mark Wilson 1
46%
1999 Mark Burchill 6
46%
2016 Tony Watt 1
46%
1999 Colin Cameron 28 2
43%
1993 Colin Hendry 51 3
43%
2018 Dylan McGeouch 2
43%
2014 Johnny Russell 14 1
43%
2004 Peter Canero 1
43%
2024 Tommy Conway 2
43%
2010 Danny Wilson 5 1
39%
2009 Danny Fox 4
39%
2005 Derek Riordan 3
39%
2002 Derek McInnes 2
39%
2023 Dominic Hyam 1
39%
2000 Dominic Matteo 6
39%
2013 Gordon Greer 11
39%
1999 Jonathan Gould 2
39%
2008 Kirk Broadfoot 4 1
39%
2004 Nigel Quashie 14 1
39%
2006 Robbie Neilson 1
39%
2002 Robbie Stockdale 5
39%
2010 Garry Kenneth 2
36%
2002 Garry O'Connor 16 4
36%
2001 Gavin Rae 14
36%
2013 Ikechi Anya 29 3
36%
2017 Jason Cummings 2
36%
2024 Nicky Devlin 2
36%
2001 Dougie Freedman 2 1
32%
2019 Eamonn Brophy 1
32%
2023 Zander Clark 4
32%
2003 Brian Kerr 3
29%
1996 Brian O'Neil 7
29%
1996 Jackie McNamara 33
29%
2021 Jacob Brown 8
29%
2004 Richard Hughes 5
29%
2010 Cammy Bell 1
25%
2019 Declan Gallagher 9
25%
2007 Jay McEveley 3
25%
2014 Stevie May 1
25%
1995 Stevie Crawford 25 4
25%
2016 Barrie McKay 1
21%
2002 Maurice Ross 13
21%
2002 Rab Douglas 19
21%
2004 Malky Mackay 5
18%
2002 Gareth Williams 5
14%
2019 Mikey Devlin 3
11%
2002 Warren Cummings 1
7%
2012 Murray Davidson 1
4%
No matching quizzes found
Score Distribution
Percent of People with Each Score
Percentile by Number Answered
Your Score History
You have not taken this quiz since the last reset